Phòng và chữa bệnh người già - cảm mạo - ho, hen, suyễn, viêm phổi - nghẽn tắc phổi
Đã lưu trong:
| 主要作者: | |
|---|---|
| 格式: | Sách |
| 語言: | Undetermined |
| 出版: |
Nxb. Hà Nội
2008
|
| 主題: | |
| 標簽: |
添加標簽
沒有標簽, 成為第一個標記此記錄!
|
| Thư viện lưu trữ: | Trung tâm Thư viện - Trường Đại học Công nghiệp TP. Hồ Chí Minh |
|---|
| LEADER | 00605nam a2200157Ia 4500 | ||
|---|---|---|---|
| 001 | UIH_05893 | ||
| 008 | 231011s9999 xx 000 0 und d | ||
| 082 | |a 618.97 | ||
| 100 | |a Nguyễn Ngọc Dậu | ||
| 245 | 0 | |a Phòng và chữa bệnh người già - cảm mạo - ho, hen, suyễn, viêm phổi - nghẽn tắc phổi | |
| 245 | 0 | |c Nguyễn Ngọc Dậu | |
| 260 | |b Nxb. Hà Nội | ||
| 260 | |c 2008 | ||
| 650 | |a Lão khoa; Người già; | ||
| 927 | |a Sách | ||
| 980 | |a Trung tâm Thư viện - Trường Đại học Công nghiệp TP. Hồ Chí Minh | ||